| 000 | 00581nam a22001817a 4500 | ||
|---|---|---|---|
| 003 | 0 | ||
| 005 | 20241003091350.0 | ||
| 008 | 241003b xxu||||| |||| 00| 0 eng d | ||
| 020 | _a9780143133223 | ||
| 050 |
_aLC 40 _b.B64 2019 |
||
| 100 |
_aBogart, Julie, _eauthor. |
||
| 245 |
_aThe brave learner : _bfinding everyday magic in homeschool, learning, and life / _cJulie Bogart. |
||
| 260 |
_aNew York, NY : _bTarcherPerigee, _c2019. |
||
| 300 |
_axxiii, 294 p. ; _c23 cm. |
||
| 504 | _aIncludes bibliographical references and index. | ||
| 650 | _aHome schooling. | ||
| 942 |
_2lcc _cBK |
||
| 999 |
_c366442 _d366442 |
||